000
00238nam a2200097Ia 4500
008
120527s9999 xx 000 0 und d
100
_a
KLINE, C.K
245
_a
Agricultural mechanization in equatorial Africa
260
_b
I.A
942
_c
BK
999
_c
25108
_d
25108